000 00906nam a22002057a 4500
008 100222t xxu||||| |||| 00| 0 eng d
020 _a9780415778640
082 _221
_a305.800956
_bCHE
100 _aChetrit, Sami Shalom.
_911636
245 _aIntra-Jewish conflict in Israel:
_bWhitr jews, Black jews /
_cSami Shalom Chatrit.
260 _aLondon;
_aNew York:
_bRoutledge,
_cc.2010.
300 _a298p;
_c25 cm.
500 _aIncludes Index.
650 _aRoutledge,
_bIsrael
_xSocial conditions
_y20th century.
_911637
650 _aJews, Oriental
_bIsrael
_xPolitical activity
_yIsrael.
_911638
650 _aProtest movements
_bIsrael
_911639
650 _aIntergroup relations
_bIsrael
_911640
942 _2ddc
_cBB
999 _c13451
_d13451